000
00325nam a22001457a 4500
008
210225b ||||| |||| 00| 0 eng d
020
_a
97813359703
041
_a
eng
080
_2
7th
_a
343.9
082
_a
343.9
100
_a
13
101
_a
KRI
245
_a
An Introducion to Policing
_c
Dempsey, J.S
942
_2
udc
_c
BK
999
_c
55243
_d
55243